Pokémon Category Elimination 3 - Statistics

General Stats
  • This quiz has been taken 301 times
  • The average score is 12 of 20
Answer Stats
Category Criteria # Pokémon % Correct
Blue Generation 1 Pokémon 151
100%
Blue Who got a direct Evolution/Pre-Evolution, Mega-Evolution or Regional Form in a later Generation 71
100%
Yellow Ghost Type Pokémon 73
93%
Yellow That are dual-typed 56
92%
Blue That was of a different type than those introduced in Gen 1 47
90%
Purple Pokémon that do not evolve(Excluding those with an evolution from a regional form like Qwilfish) 190
85%
Purple That is not Legendary, Mythical, or Ultra Beast 102
83%
Green Pokémon with the ability Sturdy 44
78%
Yellow Whose evolutionary line has a unique typing(excluding rotom forms) 5
77%
Purple That was introduced in Generation 4, 5, or 6 23
70%
Blue And evolves into more than one Pokémon 3
64%
Green That is not Rock type 14
50%
Purple That is Normal Type 4
49%
Blue And is Psychic type 1 Slowpoke
42%
Yellow And is not Poison type 2
28%
Green Or Steel type 6
27%
Green and is Fully evolved or does not evolve 3
24%
Yellow Who evolves from a Dawn stone 1 Froslass
24%
Purple And has a Signature move that does NOT use the DS Microphone 1 Bouffalant
21%
Green Whose Gender ratiois 100% male 1 Sawk
19%
No matching quizzes found
Score Distribution
Percent of People with Each Score
Percentile by Number Answered
Your Score History
You have not taken this quiz